000 00869nam a2200241 a 4500
001 000105473
003 AM-YEHGA
005 20250617122310.0
008 000223s1991 ru ||||gr|||||||||||rus|d
020 _a5020068055
040 _aAM-YeHGA
041 0 _arus
100 1 _aБезруков, Николай Николаевич
245 1 0 _aКомпьютерные вирусы /
_cН.Н. Безруков ; Ред. Т.С. Смирнов ; АН СССР.
260 _aМосква :
_bНаука,
_c1991.
300 _a160 с.
440 0 _aКибернетика - неограниченные возможности и возможные ограничения
650 1 4 _aКомпьютерные вирусы
700 1 _aСмирнов, Т.С.
_eред.
_4edt
710 2 _aАкадемия наук СССР
942 _2udc
_cBK
090 _c34798
999 _c34294
_d34294